Online
Catalog

Situación de la salud en la República Dominicana / (Record no. 28275)

MARC details
000 -CABECERA
campo de control de longitud fija 00596nam a2200169 a 4500
001 - NÚMERO DE CONTROL
campo de control 000028783
005 - FECHA Y HORA DE LA ÚLTIMA TRANSACCIÓN
campo de control 20200930055132.0
008 - DATOS DE LONGITUD FIJA--INFORMACIÓN GENERAL
campo de control de longitud fija 110412s1992 dr 000 0 spa d
040 ## - FUENTE DE LA CATALOGACIÓN
Centro catalogador/agencia de origen DO-SdBNP
Lengua de catalogación spa
Centro/agencia transcriptor BNPHU
082 ## - NÚMERO DE LA CLASIFICACIÓN DECIMAL DEWEY
Número de clasificación xxx
Número de documento/Ítem C3978a
110 2# - ENTRADA PRINCIPAL--NOMBRE DE ENTIDAD CORPORATIVA
Nombre de entidad corporativa o nombre de jurisdicción como elemento de entrada Centro Nacional de Investigaciones en Salud Materno Infantil
9 (RLIN) 55757
245 10 - MENCIÓN DE TÍTULO
Título Situación de la salud en la República Dominicana /
Mención de responsabilidad, etc. editor Hugo R. Mendoza.
260 ## - PUBLICACIÓN, DISTRIBUCIÓN, ETC.
Lugar de publicación, distribución, etc. Santo Domingo :
Nombre del editor, distribuidor, etc. CENISMI,
Fecha de publicación, distribución, etc. 1992.
490 1# - MENCIÓN DE SERIE
Mención de serie Publicaciones técnicas ;
Designación de volumen o secuencia v. 2
700 1# - PUNTO DE ACCESO ADICIONAL--NOMBRE DE PERSONA
Nombre de persona Mendoza, Hugo R.
Término indicativo de función/relación ed.
9 (RLIN) 6390
830 #0 - PUNTO DE ACCESO ADICIONAL DE SERIE-TÍTULO UNIFORME
Título uniforme Publicaciones técnicas
Designación de volumen o secuencia v. 2
9 (RLIN) 55758
Holdings
Estado de retiro Estado de pérdida No para préstamo Código de colección Localización permanente Ubicación/localización actual Ubicación en estantería Fecha de adquisición Número de inventario Total de préstamos Signatura topográfica completa Código de barras Fecha visto por última vez Precio válido a partir de Tipo de ítem Koha
    Excluido de préstamo Patrimonio Dominicano Patrimonio Dominicano Patrimonio Dominicano En catalogación 12.04.2011 LF1   xxx C3978a 28783-10 25.06.2020 25.06.2020 Libro y Folleto Colección Patrimonio Dominicano

Powered by Koha